Longs métrages d'animation par personnages #2 - Statistiques

Statistiques générales
  • Ce quiz a été pris 247 fois
    50 depuis la dernière actualisation
  • Le résultat moyen est 6 sur 20
Statistiques - réponses
Personnages Films % Correct
Po Ping, Maître Tigresse, Maître Oogway Kung Fu Panda
100%
Marty, Melman, King Julian Madagascar
86%
Mavis, Johnny, Dracula Hôtel Transylvanie
75%
Peter Porker, Peni Parker, Dr Olivia Octavius Spider-Man: New Generation
70%
Gru, Agnès, Dr Néfario Moi, moche et méchant
61%
Kitty Pattes de velours, Humpty Alexandre Dumpty, Jack Le Chat potté
55%
Petit Jean, Frère Tuck, Belle Marianne Robin des Bois
48%
Roxanne Ritchi, Titan, Metroman Megamind
14%
Max, Duke, Pompon Comme des bêtes
11%
Princesse Poppy, Branch, DJ Suki Les Trolls
11%
Mittaine, Rhino, Penny Volt, star malgré lui
11%
Emmet Brickowski, Cool-Tag, Lord Business La Grande Aventure Lego
9%
Susan Murphy, Le Maillon Manquant, B.O.B Monstres contre Aliens
9%
Shôtarô Kaneda, Tetsuo Shima, Kei Akira
7%
Ted Templeton, Tim Templeton, Staci Baby Boss
7%
Victor Van Dort, Victoria Everglot, Emily Les Noces funèbres
7%
Petit-Nuage, Rivière, Le Colonel Spirit, l'étalon des plaines
2%
Natsuki Shinohara, King Kazma, Love Machine Summer Wars
2%
Suzu Naito, Peggie Sue, Le Dragon Belle
0%
Falcon, Rex, Hans Falcon Express
0%
Aucun quiz correspondant
Distribution des résultats
% des personnes avec chaque résultat
Percentile par nombre de réponses
Votre historique - résultats
Vous n’avez pas pris ce quiz depuis la dernière actualisation